Top 10 Best Indian Cricketers of All Time in ODI Cricket - Statistics

General Stats
  • This quiz has been taken 74 times
  • The average score is 5 of 10
Answer Stats
Runs Answer % Correct
18,426 Sachin Tendulkar
97%
11,843 Virat Kohli
94%
10,768 Rahul Dravid
71%
10,599 MS Dhoni
56%
9,115 Rohit Sharma
55%
8,609 Yuvraj Singh
40%
11,221 Sourav Ganguly
37%
7,995 Virender Sehwag
29%
5,688 Shikhar Dhawan
21%
9,378 Mohammad Azharuddin
10%
No matching quizzes found
Score Distribution
Percent of People with Each Score
Percentile by Number Answered
Your Score History
You have not taken this quiz